| 000 | 00617nam a2200217 a 4500 | ||
|---|---|---|---|
| 005 | 20140310183515.0 | ||
| 008 | 110110s19uu xx 00 eng d | ||
| 020 | _a9780446678339 | ||
| 050 |
_aHF 5438.25 _b.Si58 2001 |
||
| 100 | _aSinger, Blair | ||
| 245 |
_aSales dogs: _byou do not have to be an attack dog to be successful in sales. |
||
| 260 |
_aNew York : _bBusiness Plus, _c2005. |
||
| 300 |
_a234 p. : _bill. ; _c23 cm. |
||
| 440 | _aRich Dad's advisors | ||
| 521 | _aBSBA | ||
| 650 | _aSelling. | ||
| 650 | _aMarketing. | ||
| 650 | _aSales management. | ||
| 942 |
_cBK _2lcc _kFOR |
||
| 999 |
_c24273 _d24273 |
||